000
00218nam a22000857a 4500
008
170620b xxu||||| |||| 00| 0 eng d
100
_9
3543
_a
Aggrawal. A
245
_a
Some common elements
260
_a
New Delhi
_b
N. B. T
_c
1993
999
_c
6927
_d
6927